000 00441nam a2200181Ia 4500
001 22838
005 20260414150857.0
008 260414t2008||||xx |||||||||||||| ||spa||
041 _aESP
082 _a624.151
_bL87 Nº 11
100 _aLópez Jimeno, Carlos
_eAUT
245 0 _aIngeniería del terreno :
_bingeoter
260 _c2008
300 _a423 páginas :
_c25 cm.
650 _a0
654 _aCIC
942 _cLIB
_dJUS
_fJUS
_2ddc
_n
999 _c22838
_d22838